| 000 | 00757nam a22002777a 4500 | ||
|---|---|---|---|
| 001 | BR8403518 | ||
| 003 | BR-BrBNA | ||
| 005 | 20230928091950.0 | ||
| 007 | ta | ||
| 008 | 230509b bl.||||| |||| 00| 0 por d | ||
| 040 |
_aBR-BrBNA _bpor _cBiblioteca Nacional de Agricultura |
||
| 041 | _a(Por) | ||
| 072 |
_aF70 _b1100 _b/G514 |
||
| 090 | _ 1100 BR8403518 | ||
| 100 | 1 | _aPontes, Z.F. | |
| 245 | 1 | _aFrutos silvestres comestiveis, do Territorio Federal de Roraima [Brasil] | |
| 260 | 3 |
_aBoa Vista, RR (Brasil): _c[nd]. |
|
| 300 | _a11 p. | ||
| 500 | _aPublished 1983? | ||
| 650 | _aFRUTA TROPICAL | ||
| 650 | _aTAXONOMIA VEGETAL | ||
| 650 | _aDISTRIBUICAO GEOGRAFICA | ||
| 650 | _aRORAIMA | ||
| 909 |
_a202309 _bLucia _c55 _dLucia Elande |
||
| 942 | _cBK | ||
| 999 |
_c36447 _d36447 |
||